<?xml version="1.0" encoding="UTF-8"?>
<marc:record xmlns:marc="http://www.loc.gov/MARC21/slim">
   <marc:leader>00000nam a2200000 a 4500</marc:leader>
   <marc:datafield ind1="1" ind2=" " tag="100">
      <marc:subfield code="a">Strom, Max</marc:subfield>
      <marc:subfield code="4">aut</marc:subfield>
      <marc:subfield code="e">Verfasser/-in</marc:subfield>
   </marc:datafield>
   <marc:datafield ind1="1" ind2=" " tag="100">
      <marc:subfield code="a">Kahn-Ackermann, Susanne</marc:subfield>
      <marc:subfield code="4">trl</marc:subfield>
      <marc:subfield code="e">Übersetzer/-in</marc:subfield>
   </marc:datafield>
   <marc:datafield ind1="1" ind2=" " tag="100">
      <marc:subfield code="a">Strom, Max</marc:subfield>
   </marc:datafield>
   <marc:datafield ind1=" " ind2=" " tag="653">
      <marc:subfield code="a">Yoga</marc:subfield>
   </marc:datafield>
   <marc:datafield ind1=" " ind2=" " tag="653">
      <marc:subfield code="a">Spiritualität</marc:subfield>
   </marc:datafield>
   <marc:datafield ind1="0" ind2="0" tag="245">
      <marc:subfield code="a">Das Herz des Yoga</marc:subfield>
   </marc:datafield>
   <marc:datafield ind1="0" ind2="0" tag="245">
      <marc:subfield code="b">Körper, Geist, Gefühle - die drei Säulen der Transformation</marc:subfield>
   </marc:datafield>
   <marc:datafield ind1="0" ind2="0" tag="245">
      <marc:subfield code="c">Max Strom. Aus dem Amerikan. von Susanne Kahn-Ackermann</marc:subfield>
   </marc:datafield>
   <marc:datafield ind1=" " ind2="1" tag="264">
      <marc:subfield code="a">München</marc:subfield>
      <marc:subfield code="b">Kailash</marc:subfield>
      <marc:subfield code="c">2011</marc:subfield>
   </marc:datafield>
   <marc:datafield ind1=" " ind2=" " tag="250">
      <marc:subfield code="a">Dt. Erstausg., 1. Aufl.</marc:subfield>
   </marc:datafield>
   <marc:datafield ind1="1" ind2=" " tag="520">
      <marc:subfield code="a">Angaben aus der Verlagsmeldung

Das Herz des Yoga : Körper, Geist, Gefühle - Die drei Säulen der Transformation A Life Worth Breathing / von Max Strom

Den Geist des Yoga leben – Gelassenheit im Alltag finden

YOGA IST POPULÄRER DENN JE und zum Inbegriff für Wellness, Schönheit und Entspannung geworden. Doch Yoga vermag weit mehr: Max Strom nimmt seine Leser mit auf eine Reise, die zum Wesenskern der indischen Weisheitslehre vordringt. Er erklärt nicht, wie wir unsere Körper kunstvoll verknoten, sondern wie wir die Knoten in unseren Herzen lösen. Erstmals zeigt ein herausragender Lehrer der neuen Generation, wie Yoga uns nicht nur »fitter« macht, sondern das gesamte Leben positiv verwandeln kann: Übungen wie »Richte dich jeden Morgen auf ein Ziel aus« oder »Erfahre mit Hilfe tiefer Atmung deine Gefühle neu« helfen uns, tagtäglich Frieden, Klarheit und Konzentration zu bewahren.

Max Stroms neue Sicht des Yoga hat ihm bereits eine treue Anhängerschaft auf drei Kontinenten erworben. Allen Menschen, die ihr Leben intensiv und kraftvoll leben wollen, bietet dieses Buch eine verlässliche Basis.

</marc:subfield>
   </marc:datafield>
   <marc:datafield ind1=" " ind2=" " tag="020">
      <marc:subfield code="a">9783424630343</marc:subfield>
      <marc:subfield code="9">9783424630343</marc:subfield>
   </marc:datafield>
   <marc:datafield ind1=" " ind2=" " tag="041">
      <marc:subfield code="a">ger</marc:subfield>
   </marc:datafield>
   <marc:datafield ind1=" " ind2=" " tag="300">
      <marc:subfield code="a">286 S.</marc:subfield>
   </marc:datafield>
</marc:record>
